000 01362nam0a22003011 4500
001 rc\4299062
005 20130416124903.0
021 _aRU
_bРг7503-60
035 _a(NLR Aleph) 008255895
090 _a8365647
_c8365647
100 _a20130416d1960 |||y0rusy50 ca
101 0 _arus
102 _aRU
105 _aa z |||||
200 1 _aОсобенности обработки железорудных материалов по способу ИМЕТ АН СССР во взвешенно-фонтанирующем слое и перспективы ее применения в металлургии железа
210 _aМосква
_cБ. и.
_d1960
215 _a70 с., 6 л. черт.
_cил.
_d27
225 1 _aАкадемия наук СССР. Институт металлургии имени А.А. Байкова. Информация
300 _aПеред загл. авт.: Вавилов Н.С., Гесс-де-Кальве Б.А., Цылев Л.М.
300 _aОтпеч. множит. аппаратом
700 1 _aВавилов
_bН. С.
_gНиколай Семенович
701 1 _aЦылев
_bЛ. М.
_gЛеонид Михайлович
701 1 _aГесс-де-Кальве
_bБ. А.
801 0 _aRU
_bNLR
_gpsbo
801 1 _aRU
_bELAR
_2rusmarc
852 _aNLR
_j60-7/1873
942 _cBOOK
980 _aNB